|
|
|
|
| LEADER |
00000nam0a2200000 4500 |
| 001 |
258411 |
| 005 |
20231101233308.0 |
| 020 |
|
|
|a RU
|b 88-14634
|
| 035 |
|
|
|a (RuTPU)RU\TPU\book\281263
|
| 090 |
|
|
|a 258411
|
| 100 |
|
|
|a 20140424d1988 k y0rusy5003 ca
|
| 101 |
1 |
|
|a rus
|c slx
|
| 102 |
|
|
|a RU
|
| 105 |
|
|
|a a z 001zy
|
| 200 |
1 |
|
|a Научно-техническая революция и инженерное образование
|f А. Блажей, Д. Дриенски, И. Перлаки
|g Пер. со словац. Л. С. Каганова; Под ред. А. Я. Савельева
|
| 210 |
|
|
|a Москва
|c Высшая школа
|d 1988
|
| 215 |
|
|
|a 285 с.
|c ил.
|
| 320 |
|
|
|a Библиогр. в конце разделов.
|
| 606 |
1 |
|
|a Инженерное образование
|x Организация
|x Модернизация
|y Россия
|2 stltpush
|3 (RuTPU)RU\TPU\subj\67487
|9 83263
|
| 610 |
1 |
|
|a инженеры и техники
|
| 610 |
1 |
|
|a высшие технические учебные заведения
|
| 610 |
1 |
|
|a обучение
|
| 610 |
1 |
|
|a подготовка
|
| 610 |
1 |
|
|a преподавание
|
| 610 |
1 |
|
|a социалистические страны
|
| 610 |
1 |
|
|a зарубежный опыт
|
| 610 |
1 |
|
|a 20 век
|
| 686 |
|
|
|a Ч484(2)72
|2 rubbk
|
| 700 |
|
1 |
|a Блажей
|b А.
|g Антон
|
| 701 |
|
1 |
|a Дриенски
|b Д.
|g Душан
|
| 701 |
|
1 |
|a Перлаки
|b И.
|g Иван
|
| 702 |
|
1 |
|a Савельев
|b А. Я.
|4 340
|
| 702 |
|
1 |
|a Каганов
|b Л. С.
|4 730
|
| 801 |
|
0 |
|a RU
|b RuMRKP
|c 19950417
|g psbo
|
| 801 |
|
1 |
|a RU
|b 63413507
|c 20140424
|
| 801 |
|
2 |
|a RU
|b 63413507
|c 20141027
|g RCR
|
| 942 |
|
|
|c BK
|